Príprava a charakterizácia polymérov s odtlačkami molekúl pre selektívnu extrakciu biologicky aktívnych látok z rastlinných vzoriek
Saved in:
| Main Author: | |
|---|---|
| Other Authors: | |
| Format: | Manuscript Book |
| Language: | Slovak |
| Published: |
2016
|
| Subjects: | |
| Online Access: | http://is.stuba.sk/zp/portal_zp.pl?podrobnosti=131827 |
| Tags: |
No Tags, Be the first to tag this record!
|
MARC
| LEADER | 00000ntm a22000003a 4500 | ||
|---|---|---|---|
| 001 | stuzp53057 | ||
| 003 | SK-STU | ||
| 005 | 20160719154350.9 | ||
| 007 | ta | ||
| 008 | 150427s2015----xo-----f-mn---000-0-slo-d | ||
| 040 | |a STU |b slo | ||
| 041 | 0 | |a slo | |
| 100 | 1 | |a Micsová, Nikoleta |u 041180 |4 aut |U FCHPT Ústav analytickej chémie |T FCHPT Oddelenie analytickej chémie |X 68567 |U C1180 |Y 108 |7 A0000068567 | |
| 242 | 0 | 1 | |a Preparation and Characterization of Molecularly Imprinted Polymers for Selective Extraction of Biologically Active Compounds in Plant Samples |y eng |
| 245 | 1 | 0 | |a Príprava a charakterizácia polymérov s odtlačkami molekúl pre selektívnu extrakciu biologicky aktívnych látok z rastlinných vzoriek |
| 260 | |c 2016 | ||
| 650 | 4 | |a kumaríny |2 slo | |
| 650 | 4 | |a polyméry s odtlačkami molekúl |2 slo | |
| 650 | 4 | |a HPLC |2 slo | |
| 650 | 4 | |a rastlinné vzorky |2 slo | |
| 650 | 4 | |a HPLC |2 eng | |
| 650 | 4 | |a plant samples |2 eng | |
| 650 | 4 | |a molecularly imprinted polymers |2 eng | |
| 650 | 4 | |a coumarins |2 eng | |
| 700 | 1 | |a Hroboňová, Katarína |u 041000 |k Z1 |4 ths |U FCHPT Fakulta chemickej a potravinárskej technológie |T FCHPT Ústav analytickej chémie |X 3931 |U C1000 |Y 99 |7 A000003931 | |
| 856 | 4 | |u http://is.stuba.sk/zp/portal_zp.pl?podrobnosti=131827 | |
| SQL | |a stuzp53057 |b DDP |c SLO |d Príprava a charakterizácia polymérov s odtlačkami molekúl pre selektívnu extrakciu biologicky aktívnych látok z rastlinných vzoriek |e 68567 |f Micsová, Nikoleta |g 041180 |h 3931 |i Hroboňová, Katarína |j 20160606 |k 1400 |l 04 |m http://is.stuba.sk/zp/portal_zp.pl?podrobnosti=131827 |n I-TCHEM |o 4.1.14. chémia, 5.2.18. chemické technológie | ||